Biggest Cities in Nebraska - Statistics

General Stats
  • This quiz has been taken 5,259 times
    841 since last reset
  • The average score is 9 of 20
Answers on the Map
Answers color-coded by a green-red scale on the quiz's map according to % correct below.
 
Answer Stats
Population City % Correct
486,666 Omaha
99%
293,306 Lincoln
98%
52,673 Grand Island
70%
34,256 Kearney
61%
63,906 Bellevue
56%
22,691 North Platte
56%
14,363 Scottsbluff
53%
25,976 Norfolk
41%
13,848 South Sioux City
41%
27,407 Fremont
40%
24,969 Hastings
39%
24,981 Papillion
39%
24,314 Columbus
38%
10,796 Lexington
31%
8,153 York
31%
12,196 Beatrice
30%
8,064 Alliance
29%
16,402 La Vista
28%
8,526 Gering
26%
9,080 Gretna
24%
No matching quizzes found
Score Distribution
Percent of People with Each Score
Percentile by Number Answered
Your Score History
You have not taken this quiz since the last reset